| 000 -LEADER |
| fixed length control field |
02040 a2200289 4500 |
| 003 - CONTROL NUMBER IDENTIFIER |
| control field |
OSt |
| 005 - DATE AND TIME OF LATEST TRANSACTION |
| control field |
20180116192324.0 |
| 008 - FIXED-LENGTH DATA ELEMENTS--GENERAL INFORMATION |
| fixed length control field |
120207t xxu||||| |||| 00| 0 eng d |
| 010 ## - LIBRARY OF CONGRESS CONTROL NUMBER |
| LC control number |
2001030275 |
| 020 ## - INTERNATIONAL STANDARD BOOK NUMBER |
| International Standard Book Number |
0070163871 |
| 040 ## - CATALOGING SOURCE |
| Transcribing agency |
0 |
| 082 00 - DEWEY DECIMAL CLASSIFICATION NUMBER |
| Classification number |
729.2 |
| 245 10 - TITLE STATEMENT |
| Title |
Time-saver standards for building types / |
| Statement of responsibility, etc. |
edited by Joseph DeChiara and Michael Crosbie. |
| 250 ## - EDITION STATEMENT |
| Edition statement |
4th ed. |
| 260 ## - PUBLICATION, DISTRIBUTION, ETC. |
| Place of publication, distribution, etc. |
New York : |
| Name of publisher, distributor, etc. |
McGraw-Hill, |
| Date of publication, distribution, etc. |
c2001. |
| 300 ## - PHYSICAL DESCRIPTION |
| Extent |
xv, 1005 p. : |
| Other physical details |
ill. ; |
| Dimensions |
29 cm. |
| 520 ## - SUMMARY, ETC. |
| Summary, etc. |
Save time with topic-by-topic guide to building standards The only comprehensive reference to all building types, Time-Saver Standards for Building Types, Fourth Edition is loaded with all the essential design criteria and standards you need to prepare preliminary designs, execute programming requirements, and analyze the functions and uses of a building. Authors Joseph DeChiara and Michael Crosbie focus on topical issues of rehabilitation, change of use, preservation, accessibility, energy conservation, and environmental regulations. New material in this edition includes home offices, entertainment centers, assisted living, primary-care and wellness facilities, day-care and nursery facilities, jails and prisons, places of worship, health clubs, international sports facilities, and new rail facilities. What's more, new international examples and full metrification make the book a truly global publication. |
| 650 #0 - SUBJECT ADDED ENTRY--TOPICAL TERM |
| Topical term or geographic name entry element |
Modular coordination (Architecture) |
| 650 #0 - SUBJECT ADDED ENTRY--TOPICAL TERM |
| Topical term or geographic name entry element |
Building materials |
| General subdivision |
Standards. |
| 700 1# - ADDED ENTRY--PERSONAL NAME |
| Personal name |
Crosbie, Michael J. |
| 856 42 - ELECTRONIC LOCATION AND ACCESS |
| Materials specified |
Publisher description |
| Uniform Resource Identifier |
<a href="http://www.loc.gov/catdir/description/mh021/2001030275.html">http://www.loc.gov/catdir/description/mh021/2001030275.html</a> |
| 856 42 - ELECTRONIC LOCATION AND ACCESS |
| Materials specified |
Table of contents |
| Uniform Resource Identifier |
<a href="http://www.loc.gov/catdir/toc/mh021/2001030275.html">http://www.loc.gov/catdir/toc/mh021/2001030275.html</a> |
| 856 42 - ELECTRONIC LOCATION AND ACCESS |
| Materials specified |
Contributor biographical information |
| Uniform Resource Identifier |
<a href="http://www.loc.gov/catdir/enhancements/fy0707/2001030275-b.html">http://www.loc.gov/catdir/enhancements/fy0707/2001030275-b.html</a> |
| 942 ## - ADDED ENTRY ELEMENTS (KOHA) |
| Institution code [OBSOLETE] |
SADA |
| Koha item type |
Book |
| Call number prefix |
729.2 TIM 2001 |
| Source of classification or shelving scheme |
|